| 000 | 00784nam a22002417a 4500 | ||
|---|---|---|---|
| 005 | 20251108173348.0 | ||
| 008 | 250721s2000 xx 000 0 ara d | ||
| 082 | 1 | 4 | _aط/610/آرن |
| 100 | 1 | _aآرنولد، نيك | |
| 245 | 1 | 0 | _aالطب الآن و في المستقبل / |
| 246 | 1 | 1 | _aMedicine : Now and into the Future |
| 264 | 1 |
_aبيروت : _bالدار العربية للعلوم، _c2000. |
|
| 300 | _a31ص. : مص | ||
| 490 | 0 | _aكتابي المفضل | |
| 650 | 1 | 7 | _aالطب |
| 650 | 1 | 7 | _aالأمراض |
| 650 | 1 | 7 | _aالجينات |
| 650 | 1 | 7 | _aالأدوية |
| 653 | _a(سنة 14-10) ناشئون صغار | ||
| 710 | 2 | _aالدار العربية للعلوم . مركز التعريب و الترجمة | |
| 942 |
_2ddc _cBK |
||
| 999 |
_c102152 _d102152 |
||